ბათუმის შოთა რუსთაველის სახელმწიფო უნივერსიტეტის ბიბლიოთეკა

ენათა გენეტიკური ნათესაობის დასაბუთების კრიტერიუმები და ადრინდელი საერთო-ქართველური ფუძეენის ძირეულ მორფემათა სტრუქტურის ზოგიერთი საკითხი. (ბიბ.ჩანაწერი № 50994)

000 -LEADER
fixed length control field 01529nam a2200217Ia 4500
001 - CONTROL NUMBER
control field 17951
003 - CONTROL NUMBER IDENTIFIER
control field GE_BSU
008 - FIXED-LENGTH DATA ELEMENTS--GENERAL INFORMATION
fixed length control field 181216s||||||||xx |||||||||||||| ||und||
040 ## - CATALOGING SOURCE
Transcribing agency GE_BSU
100 ## - MAIN ENTRY--PERSONAL NAME
Personal name ფენრიხი, ჰაინც
245 ## - TITLE STATEMENT
Title ენათა გენეტიკური ნათესაობის დასაბუთების კრიტერიუმები და ადრინდელი საერთო-ქართველური ფუძეენის ძირეულ მორფემათა სტრუქტურის ზოგიერთი საკითხი.
245 ## - TITLE STATEMENT
Statement of responsibility, etc. რედ. შ.ძიძიგური
260 ## - PUBLICATION, DISTRIBUTION, ETC.
Place of publication, distribution, etc. თბილისი
260 ## - PUBLICATION, DISTRIBUTION, ETC.
Name of publisher, distributor, etc. თბილ. უნ-ტის გამ-ბა
260 ## - PUBLICATION, DISTRIBUTION, ETC.
Date of publication, distribution, etc. 1978
300 ## - PHYSICAL DESCRIPTION
Extent 137გვ. ; 21სმ.
300 ## - PHYSICAL DESCRIPTION
Accompanying material ლიტ. სია: გვ. 125-134 (165 დასახ.). - შენიშვნები: გვ. 114-124.
653 ## - INDEX TERM--UNCONTROLLED
Uncontrolled term ენათა გენეტიკური ნათესაობა; ქართველური ენები
653 ## - INDEX TERM--UNCONTROLLED
Uncontrolled term ენათა გენეტიკური ნათესაობის დასაბუთების კრიტერიუმები და ადრინდელი საერთო-ქართველური ფუძეენის ძირეულ მორფემათა სტრუქტურის ზოგიერთი საკითხი
942 ## - ADDED ENTRY ELEMENTS (KOHA)
Koha item type წიგნი
ეგზემპლარები
Withdrawn status Lost status Damaged status Not for loan Date acquired Barcode Date last seen Price effective from Koha item type
        2018-12-17 45913 2018-12-17 2018-12-17 წიგნი